000 00617cam a2200169 4500
001 WB3533-25
008 000000n1999 000 0 eng u
035 _a(Sirsi) u102601
245 _aReport on housing management.
260 _c1999
490 _aDETR News Release
_v(838) 19 August 1999 (1)
520 _aA report on behalf of the Governmentαs Social Exclusion Unit, claims that good housing management with an on-the spot presence is crucial in ensuring social housing tenants enjoy a high quality of life.
650 _aHOUSING MANAGEMENT
650 _aSOCIAL HOUSING
690 _aHOUSING
942 _n0
999 _c61601
_d61601